[Event "ÕÕÕII Nezhmetdinov Memorial"]
[Site "?"]
[Date "2010.06.01"]
[Round "2.17"]
[White "Vasenev, Sergey"]
[Black "Bezgodova, Svetlana"]
[Result "0-1"]
[WhiteElo "2284"]
[BlackElo "2112"]
[PlyCount "88"]

1. d4 Nf6 2. Nf3 c6 3. c4 d6 4. Nc3 Nbd7 5. Bf4 g6 6. Qd2 h6 7. h3 Bg7 8. e4
Qa5 9. Be2 e5 10. Be3 Nf8 11. O-O g5 12. Nb5 Qxd2 13. Nxd6+ Ke7 14. Nxc8+ Rxc8
15. Nxd2 exd4 16. Bxd4 Ne6 17. Bc3 Rhd8 18. Rad1 Nd4 19. Bd3 Nh5 20. g3 Rc7 21.
Nb3 Nxb3 22. axb3 Bxc3 23. bxc3 Rcd7 24. Be2 Nf6 25. f3 Rd2 26. Kf2 Rc2 27.
Rxd8 Kxd8 28. Rd1+ Ke7 29. f4 gxf4 30. Kf3 fxg3 31. b4 Rxc3+ 32. Kf4 Rc2 33.
Bd3 Rb2 34. Kxg3 Rxb4 35. Kf4 a5 36. Ke5 Nd7+ 37. Kd4 c5+ 38. Kd5 Rb3 39. e5 a4
40. Bc2 Re3 41. Be4 a3 42. Rb1 a2 43. Ra1 Re2 44. h4 h5 0-1

[Event "ÕÕÕII Nezhmetdinov Memorial"]
[Site "?"]
[Date "2010.06.01"]
[Round "2.18"]
[White "Gabaidulina, Olga"]
[Black "Dimukhametov, Artur"]
[Result "1/2-1/2"]
[WhiteElo "1857"]
[BlackElo "2278"]
[PlyCount "133"]
[EventDate "2010.06.01"]
[SourceDate "2010.06.01"]

1. e4 c5 2. Nf3 e6 3. d4 cxd4 4. Nxd4 a6 5. c4 Qc7 6. Be2 Nf6 7. f3 b6 8. Be3
Bd6 9. g3 h5 10. Bg5 Bxg3+ 11. Kd2 Bxh2 12. Bxf6 gxf6 13. Nc3 Nc6 14. Nxc6 dxc6
15. Kc2 h4 16. Qd3 Bf4 17. Qd4 Ke7 18. Rad1 e5 19. Qf2 Bg3 20. Qe3 Be6 21. Na4
Rab8 22. Qa3+ Ke8 23. c5 b5 24. Nb6 Bf2 25. b4 Rxb6 26. cxb6 Qxb6 27. Rd6 Ke7
28. Rd2 c5 29. Bxb5 Qxb5 30. Rxf2 cxb4 31. Qb2 b3+ 32. axb3 Rc8+ 33. Kb1 Qd3+
34. Ka1 Rc5 35. Qa3 Qc3+ 36. Kb1 Bxb3 37. Rb2 Bc2+ 38. Ka2 Qc4+ 39. Ka1 Qa4 40.
Qxa4 Bxa4 41. Rb7+ Ke6 42. Rxh4 Bc6 43. Ra7 Bb5 44. Rh7 Rc3 45. Raxf7 Rxf3 46.
Rb7 Kd6 47. Rh6 Kc5 48. Rf7 Re3 49. Rhxf6 Rxe4 50. Rf5 Bd3 51. Rg5 Kb4 52. Rb7+
Ka3 53. Rxe5 Rxe5 54. Rb3+ Ka4 55. Rxd3 Re2 56. Rh3 a5 57. Rf3 Kb4 58. Rh3 Re4
59. Ka2 a4 60. Rf3 Rc4 61. Rh3 Rc2+ 62. Ka1 Rg2 63. Rh4+ Kb3 64. Rh3+ Kc2 65.
Ka2 Rg4 66. Ka3 Rc4 67. Rg3 1/2-1/2

[Event "ÕÕÕII Nezhmetdinov Memorial"]
[Site "?"]
[Date "2010.06.01"]
[Round "2.20"]
[White "Pokudov, Zakhar"]
[Black "Ibraev, Vasilij"]
[Result "1-0"]
[WhiteElo "1794"]
[BlackElo "2258"]
[PlyCount "107"]
[EventDate "2010.06.01"]
[SourceDate "2010.06.01"]

1. e4 c5 2. Nf3 e6 3. Nc3 Nc6 4. d4 cxd4 5. Nxd4 Qc7 6. Be3 a6 7. g3 b5 8. Bg2
Bb7 9. O-O Nf6 10. Bf4 Qb6 11. Nxc6 dxc6 12. e5 Nd5 13. Nxd5 cxd5 14. a4 bxa4
15. Rxa4 Bc6 16. Be3 Bc5 17. Bxc5 Qxc5 18. Rg4 O-O 19. Qd2 f5 20. exf6 Rxf6 21.
Qg5 Rg6 22. Qe5 Qxc2 23. Rxg6 Qxg6 24. Qd6 Bb5 25. Re1 Re8 26. h4 Qf5 27. Kh2
h6 28. f4 Kh8 29. Re5 Qg6 30. h5 Qf6 31. Bh3 Rd8 32. Qc7 d4 33. Rxe6 Qf8 34. f5
Rd7 35. Qe5 Rf7 36. Qxd4 Rf6 37. Rxf6 gxf6 38. Bg2 Qe7 39. Qf4 Kh7 40. Qg4 Be8
41. Bd5 Qf8 42. Be6 a5 43. b3 Kh8 44. Kh3 Qg7 45. Qh4 Kh7 46. g4 Qb7 47. Qf2
Qh1+ 48. Qh2 Qf1+ 49. Qg2 Qd3+ 50. Qg3 Qf1+ 51. Qg2 Qd3+ 52. Kh2 Qd6+ 53. Qg3
Qd3 54. Qxd3 1-0

[Event "ÕÕÕII Nezhmetdinov Memorial"]
[Site "?"]
[Date "2010.06.01"]
[Round "2.21"]
[White "Tokarev, Ilya"]
[Black "Khazieva, Elza"]
[Result "1-0"]
[WhiteElo "2257"]
[BlackElo "1796"]
[PlyCount "159"]
[EventDate "2010.06.01"]
[SourceDate "2010.06.01"]

1. Nf3 c5 2. c4 Nc6 3. Nc3 g6 4. g3 Bg7 5. Bg2 d6 6. O-O Nh6 7. d3 Nf5 8. Bd2
O-O 9. Rb1 Rb8 10. a3 b6 11. e3 Bb7 12. Qa4 e6 13. Ne1 Qd7 14. b4 Ba8 15. Nb5
Rfd8 16. Rc1 Rbc8 17. Nf3 Ne5 18. Ne1 Bxg2 19. Kxg2 Qb7+ 20. Kg1 a6 21. Nc3 h5
22. b5 axb5 23. Nxb5 h4 24. e4 Nh6 25. Qc2 d5 26. Bg5 f6 27. Bf4 Nef7 28. gxh4
dxe4 29. dxe4 e5 30. Bg3 Nd6 31. Nxd6 Rxd6 32. Ng2 Rd4 33. Ne3 Qxe4 34. Nd5
Qxc2 35. Rxc2 Ra8 36. f4 Rxa3 37. Bf2 Re4 38. fxe5 fxe5 39. Nxb6 Rg4+ 40. Kh1
Rf4 41. Rg1 Ra5 42. Rxg6 Ng4 43. Bg1 Kh7 44. h5 Ra1 45. Nd5 Rf2 46. Rxf2 Nxf2+
47. Kg2 Ne4 48. Be3 Ra2+ 49. Kf3 Nd2+ 50. Bxd2 Rxd2 51. Rc6 Rxh2 52. Kg4 Rg2+
53. Kf5 Rf2+ 54. Ke4 Rh2 55. Nf6+ Bxf6 56. Rxf6 Rxh5 57. Rf5 Rh4+ 58. Kd5 Kg6
59. Rxe5 Kf6 60. Re6+ Kf7 61. Rc6 Ke7 62. Kxc5 Kd7 63. Kb6 Rh1 64. Rc7+ Kd8 65.
c5 Rb1+ 66. Kc6 Rg1 67. Rh7 Rg6+ 68. Kb7 Rg2 69. Rh8+ Ke7 70. c6 Rb2+ 71. Kc8
Rc2 72. c7 Rc1 73. Rh7+ Ke6 74. Kd8 Rd1+ 75. Ke8 Rc1 76. Rh6+ Ke5 77. Kd7 Rd1+
78. Ke7 Rc1 79. Rh5+ Kf4 80. Kd7 1-0

[Event "ÕÕÕII Nezhmetdinov Memorial"]
[Site "?"]
[Date "2010.06.01"]
[Round "2.19"]
[White "Bushkov, Alexander V."]
[Black "Faizrakhmanov, Ilmir"]
[Result "1-0"]
[WhiteElo "2266"]
[BlackElo "1912"]
[PlyCount "114"]
[EventDate "2010.06.01"]
[SourceDate "2010.06.01"]

1. e4 e5 2. Nf3 d6 3. d4 Nf6 4. Nc3 Nbd7 5. Bc4 exd4 6. Qxd4 Nb6 7. Bb3 Be7 8.
a4 O-O 9. h3 Be6 10. Bxe6 fxe6 11. a5 Nc8 12. e5 dxe5 13. Qxe5 Qd6 14. Qe2 c6
15. O-O Bd8 16. Re1 Re8 17. Ra4 b5 18. axb6 Nxb6 19. Rd4 Nbd5 20. Ne4 Nxe4 21.
Rxe4 Bf6 22. Rxe6 Rxe6 23. Qxe6+ Qxe6 24. Rxe6 Nb4 25. Bd2 Nxc2 26. Rxc6 Nd4
27. Rxf6 Ne2+ 28. Kf1 Ng3+ 29. fxg3 gxf6 30. Bc3 Kf7 31. g4 a5 32. Nd2 a4 33.
Ne4 a3 34. bxa3 Rxa3 35. Ke2 Kg6 36. Bxf6 Rb3 37. Bd4 Ra3 38. Nc3 Kg5 39. Kf3
h5 40. gxh5 Kxh5 41. Kf4 Ra8 42. Ne4 Ra2 43. Bf2 Ra3 44. g4+ Kg6 45. h4 Rh3 46.
g5 Rh1 47. Kg4 Rh2 48. Bg3 Rh1 49. Nf2 Ra1 50. h5+ Kh7 51. Ne4 Ra4 52. Kf5 Ra5+
53. Be5 Ra6 54. Nf6+ Kh8 55. g6 Ra2 56. Ng4+ Kg8 57. Nh6+ Kf8 1-0

[Event "ÕÕÕII Nezhmetdinov Memorial"]
[Site "?"]
[Date "2010.06.01"]
[Round "2.23"]
[White "Skomorokhin, Roman"]
[Black "Makhmutov, Rail"]
[Result "1-0"]
[WhiteElo "2447"]
[BlackElo "2108"]
[PlyCount "79"]
[EventDate "2010.06.01"]
[SourceDate "2010.06.01"]

1. d4 Nf6 2. c4 e6 3. Nc3 Bb4 4. e3 d5 5. Nf3 O-O 6. Bd3 dxc4 7. Bxc4 c5 8. O-O
a6 9. a3 Bxc3 10. bxc3 b5 11. Be2 Bb7 12. a4 Nd5 13. Bd2 cxd4 14. cxd4 bxa4 15.
Qb1 Ra7 16. e4 Ne7 17. d5 Ba8 18. dxe6 f5 19. Be3 Bxe4 20. Qa2 Rb7 21. Ng5 Bd5
22. Qxa4 Qe8 23. Qxe8 Rxe8 24. Rfd1 Rb2 25. Bf3 Bxf3 26. Nxf3 Ng6 27. Rd6 f4
28. Ba7 Nf8 29. Nd4 Rb7 30. Bxb8 Rexb8 31. h4 Ng6 32. Nf3 Kf8 33. Rdxa6 Ke7 34.
Kh2 Rb6 35. h5 Nf8 36. Nd4 Rxa6 37. Rxa6 Rc8 38. Ra7+ Kf6 39. e7 Ne6 40. Ra6
1-0

[Event "ÕÕÕII Nezhmetdinov Memorial"]
[Site "?"]
[Date "2010.06.01"]
[Round "2.24"]
[White "Glukhov, Alexander"]
[Black "Sharafiev, Azat"]
[Result "0-1"]
[WhiteElo "2034"]
[BlackElo "2447"]
[PlyCount "46"]
[EventDate "2010.06.01"]
[SourceDate "2010.06.01"]

1. e4 c5 2. Nf3 e6 3. d4 cxd4 4. Nxd4 Nc6 5. Nc3 a6 6. g3 Nge7 7. Nb3 b5 8. a3
d6 9. Bg2 Bb7 10. O-O Ne5 11. Qe2 N7c6 12. Kh1 Be7 13. Rd1 Qc7 14. Rb1 Nc4 15.
Nd4 Nxd4 16. Rxd4 Nxa3 17. bxa3 Qxc3 18. Bb2 Qc7 19. Rd3 O-O 20. h4 Rfe8 21.
Rd2 Bf8 22. Qg4 Qc4 23. Rbd1 e5 0-1

[Event "ÕÕÕII Nezhmetdinov Memorial"]
[Site "?"]
[Date "2010.06.01"]
[Round "2.25"]
[White "Kalinin, Nikita"]
[Black "Gabdrakhmanov, Rafail"]
[Result "0-1"]
[WhiteElo "2032"]
[BlackElo "2362"]
[PlyCount "70"]
[EventDate "2010.06.01"]
[SourceDate "2010.06.02"]

1. e4 c5 2. Nf3 a6 3. Nc3 Nc6 4. d4 cxd4 5. Nxd4 e5 6. Nf5 d6 7. Ne3 Nf6 8. Be2
Be6 9. O-O Nd4 10. f4 Nxe2+ 11. Qxe2 exf4 12. Ned5 g5 13. Bxf4 gxf4 14. Rxf4
Bg7 15. Raf1 Nd7 16. Qh5 Ne5 17. Nf6+ Bxf6 18. Rxf6 Qe7 19. Rxe6 Qxe6 20. Nd5
O-O-O 21. h3 Kb8 22. Rf6 Qc8 23. Qd1 Rhe8 24. Kh1 Re6 25. Rf4 Qc5 26. c3 Rg8
27. b4 Qc4 28. Qd2 Reg6 29. g4 h5 30. Nf6 Rxf6 31. Rxf6 Qxe4+ 32. Qg2 Qxg2+ 33.
Kxg2 hxg4 34. Rxd6 gxh3+ 35. Kxh3 Rc8 0-1

[Event "ÕÕÕII Nezhmetdinov Memorial"]
[Site "?"]
[Date "2010.06.01"]
[Round "2.26"]
[White "Agafonov, Anton V."]
[Black "Filipenko, Alexander V"]
[Result "0-1"]
[WhiteElo "2056"]
[BlackElo "2345"]
[PlyCount "76"]
[EventDate "2010.06.01"]
[SourceDate "2010.06.02"]

1. d4 d5 2. c4 c6 3. Nf3 Nf6 4. Qb3 e6 5. g3 Nbd7 6. Bg2 Be7 7. Nc3 Nb6 8. cxd5
exd5 9. O-O O-O 10. Ne5 Bf5 11. a4 a5 12. Nd1 h6 13. Kh1 Ra7 14. g4 Nxg4 15.
Bh3 Nxe5 16. Bxf5 Ng6 17. Rg1 Bd6 18. e4 Bf4 19. Bxf4 Nxf4 20. Qg3 Ng6 21. e5
Qh4 22. Ra3 Qh5 23. Bxg6 fxg6 24. e6 Nc4 25. e7 Re8 26. Rf3 Raa8 27. Re1 Nd2
28. Rfe3 Ne4 29. Qg2 g5 30. f3 Nd6 31. Qc2 Qf7 32. Qc5 Nf5 33. Rb3 Nxe7 34. Kg2
Ng6 35. Rbe3 Nh4+ 36. Kf2 Rf8 37. Qc3 Qf4 38. Ke2 Ng2 0-1

[Event "ÕÕÕII Nezhmetdinov Memorial"]
[Site "?"]
[Date "2010.06.01"]
[Round "2.27"]
[White "Vaseptsov, Maxim"]
[Black "Sannikov, Grigory"]
[Result "1/2-1/2"]
[WhiteElo "2197"]
[BlackElo "2059"]
[PlyCount "120"]
[EventDate "2010.06.01"]
[SourceDate "2010.06.02"]

1. e4 c5 2. Nf3 Nc6 3. Bb5 g6 4. O-O Bg7 5. Re1 Nf6 6. e5 Nd5 7. Nc3 Nc7 8.
Bxc6 dxc6 9. Ne4 Ne6 10. d3 O-O 11. Be3 b6 12. Qd2 Re8 13. a4 Nd4 14. Nxd4 cxd4
15. Bf4 a5 16. Re2 c5 17. Ng3 Be6 18. b3 Qd7 19. Bh6 f6 20. Rae1 Bd5 21. f3 Bh8
22. h4 fxe5 23. Rxe5 Bxe5 24. Rxe5 Qd6 25. Qg5 Rad8 26. f4 Bb7 27. h5 Qf6 28.
hxg6 Qxg5 29. Rxg5 Rd6 30. gxh7+ Kxh7 31. Bg7 Rg6 32. Rxg6 Kxg6 33. Be5 Rc8 34.
Nf1 Bc6 35. Nd2 b5 36. axb5 Bxb5 37. Kf2 a4 38. bxa4 Bxa4 39. c3 dxc3 40. Bxc3
Bb5 41. Ke3 Rd8 42. d4 cxd4+ 43. Bxd4 Kf5 44. Nf3 Ra8 45. Bc5 Kf6 46. g4 Rb8
47. g5+ Ke6 48. Nd4+ Kf7 49. f5 Bd7 50. Ke4 Rc8 51. Bb6 Rg8 52. Kf4 e5+ 53.
fxe6+ Bxe6 54. Nf3 Rb8 55. Ne5+ Kg7 56. Bd4 Rf8+ 57. Ke3 Rf5 58. Nf3+ Kg6 59.
Nh4+ Kxg5 60. Nxf5 Kxf5 1/2-1/2

[Event "ÕÕÕII Nezhmetdinov Memorial"]
[Site "?"]
[Date "2010.06.01"]
[Round "2.29"]
[White "Ryskanov, Ildar"]
[Black "Fedoseev, Vladimir"]
[Result "0-1"]
[WhiteElo "1976"]
[BlackElo "2183"]
[PlyCount "68"]
[EventDate "2010.06.01"]
[SourceDate "2010.06.02"]

1. e4 e5 2. Nf3 Nc6 3. d4 exd4 4. Nxd4 Bc5 5. Nxc6 Qf6 6. Qf3 dxc6 7. Nc3 Qxf3
8. gxf3 Nf6 9. Rg1 g6 10. Bf4 Bb6 11. Bc4 Nh5 12. Be3 Be6 13. Bxe6 fxe6 14.
O-O-O Rf8 15. Bxb6 axb6 16. Rd3 Rd8 17. Rgd1 Rxd3 18. Rxd3 Nf4 19. Re3 e5 20.
Kd2 Ke7 21. Ne2 Rd8+ 22. Kc1 Nh3 23. Rd3 Rf8 24. Re3 g5 25. Ng3 Rf4 26. Nf5+
Kf6 27. Kd2 Ng1 28. Ng3 Rxf3 29. Nh1 h5 30. Kd3 h4 31. c3 g4 32. Kd2 Rxe3 33.
Kxe3 Kg5 34. a3 c5 0-1

[Event "ÕÕÕII Nezhmetdinov Memorial"]
[Site "?"]
[Date "2010.06.01"]
[Round "2.30"]
[White "Zenzera, Alexey"]
[Black "Borisov, Artur"]
[Result "1-0"]
[WhiteElo "2170"]
[BlackElo "1996"]
[PlyCount "93"]
[EventDate "2010.06.01"]
[SourceDate "2010.06.02"]

1. d4 Nf6 2. c4 e5 3. dxe5 Ng4 4. Nf3 Bc5 5. e3 Nc6 6. Be2 Ngxe5 7. O-O O-O 8.
Nbd2 Re8 9. Nb3 Bf8 10. Bd2 Bb4 11. Nxe5 Rxe5 12. Bxb4 Nxb4 13. Nd4 a5 14. a3
Nc6 15. Nxc6 bxc6 16. Bf3 Bb7 17. b4 d5 18. Qd4 Re7 19. Rfd1 f5 20. Qf4 g6 21.
c5 a4 22. h4 Qf8 23. Rd4 Qg7 24. Rad1 Qe5 25. Qh6 Qg7 26. Qg5 h6 27. Qf4 Kh7
28. h5 Rf8 29. hxg6+ Qxg6 30. R1d2 Ba6 31. Bd1 Bb5 32. Bc2 Kg7 33. Qf3 Re4 34.
Qh3 Qg4 35. Qh2 Be2 36. Qxc7+ Rf7 37. Qh2 Rxd4 38. Qe5+ Kg8 39. Rxd4 f4 40.
Rxf4 Rxf4 41. exf4 Bf3 42. Qe8+ Kg7 43. Qe7+ Kg8 44. Qh7+ Kf8 45. Qxh6+ Kf7 46.
Qg5 Qxg5 47. fxg5 1-0

[Event "ÕÕÕII Nezhmetdinov Memorial"]
[Site "?"]
[Date "2010.06.01"]
[Round "2.31"]
[White "Mukhametgaleeva, Railia"]
[Black "Emelianov, Fedor"]
[Result "1-0"]
[WhiteElo "1932"]
[BlackElo "2165"]
[PlyCount "81"]
[EventDate "2010.06.01"]
[SourceDate "2010.06.02"]

1. e4 e6 2. d4 c5 3. Nf3 cxd4 4. Nxd4 Nf6 5. Nc3 d6 6. Bc4 a6 7. Bb3 Nc6 8. Be3
Na5 9. Qe2 b5 10. Bg5 Nxb3 11. axb3 Bd7 12. Qf3 b4 13. Nce2 Be7 14. O-O O-O 15.
Rfd1 Qc7 16. Ng3 h6 17. Bd2 d5 18. e5 Nh7 19. Qe2 f6 20. exf6 Rxf6 21. Nh5 e5
22. Nxf6+ Bxf6 23. Qf3 exd4 24. Qxd5+ Be6 25. Qxa8+ Kf7 26. Bxb4 Qxc2 27. Rac1
Qxb3 28. Rc7+ Kg6 29. Qe4+ Kh5 30. Qe2+ Kg6 31. Bd6 Qd5 32. Bf4 Ng5 33. Bxg5
hxg5 34. Qxa6 Bf5 35. Qe2 d3 36. Qe8+ Kh6 37. b4 Bg6 38. Qe3 Bf5 39. Rc5 Qd7
40. Rxf5 Qxf5 41. Qxd3 1-0

[Event "ÕÕÕII Nezhmetdinov Memorial"]
[Site "?"]
[Date "2010.06.01"]
[Round "2.32"]
[White "Sadykov, Airat F."]
[Black "Ivanov, Nikolay A."]
[Result "1/2-1/2"]
[WhiteElo "2112"]
[BlackElo "1977"]
[PlyCount "110"]
[EventDate "2010.06.01"]
[SourceDate "2010.06.02"]

1. d4 Nf6 2. c4 c5 3. d5 b5 4. cxb5 a6 5. bxa6 g6 6. Nc3 Bxa6 7. Nf3 Bg7 8. e4
Bxf1 9. Kxf1 d6 10. g3 Nbd7 11. Kg2 O-O 12. h3 Qa5 13. Re1 Rfb8 14. e5 dxe5 15.
Nxe5 Nxe5 16. Rxe5 Qc7 17. Re2 Qb7 18. Kh2 Rd8 19. Be3 Nxd5 20. Nxd5 Rxd5 21.
Qc2 Qb5 22. Qe4 e6 23. Rc2 Ra4 24. Qf3 h5 25. Rac1 Rf5 26. Qd1 Bd4 27. b3 Rb4
28. Bxd4 Rxd4 29. Qe2 Qb4 30. Kg2 Rfd5 31. Qe3 Kg7 32. Qc3 Qb7 33. Kh2 e5 34.
Qe3 Qe7 35. Qe2 e4 36. Re1 h4 37. g4 Qe5+ 38. Kg1 f5 39. gxf5 Qxf5 40. Qg4
Qxg4+ 41. hxg4 Rg5 42. Kh2 Rxg4 43. Rxc5 Rd2 44. Kh3 Rf4 45. Rc4 Rfxf2 46. Kxh4
Rf4+ 47. Kg5 Rf5+ 48. Kg4 Rg2+ 49. Kh3 Rxa2 50. Rcxe4 Rf3+ 51. Kg4 Rxb3 52.
Re7+ Kf8 53. Re8+ Kf7 54. R1e7+ Kf6 55. Re6+ Kf7 1/2-1/2

[Event "ÕÕÕII Nezhmetdinov Memorial"]
[Site "?"]
[Date "2010.06.01"]
[Round "2.33"]
[White "Zlachevskiy, Leonid"]
[Black "Faizrakhmanov, Ramil"]
[Result "1/2-1/2"]
[WhiteElo "2111"]
[BlackElo "1957"]
[PlyCount "104"]
[EventDate "2010.06.01"]
[SourceDate "2010.06.02"]

1. e4 c6 2. d4 d5 3. e5 Bf5 4. Ne2 e6 5. Ng3 Bg6 6. h4 h5 7. Bd3 Bxd3 8. cxd3
Qb6 9. Be3 Qxb2 10. Nd2 Qb6 11. Nxh5 Nd7 12. Ng3 c5 13. Nf3 cxd4 14. Bxd4 Qa5+
15. Kf1 Qa6 16. Kg1 Ne7 17. h5 Nc6 18. Bb2 Rc8 19. Rh4 b5 20. a3 Nc5 21. Ne2
Na4 22. Bc1 Be7 23. Rh3 Kd7 24. Rb1 f6 25. d4 fxe5 26. dxe5 Rcf8 27. Qd3 Rf5
28. Rxb5 Nc5 29. Qb1 Nxe5 30. Nxe5+ Rxe5 31. Be3 Rc8 32. Nf4 Re4 33. Nd3 Nxd3
34. Qxd3 Bd6 35. g3 Rec4 36. Qb1 Bxa3 37. Rb7+ R8c7 38. Rxc7+ Rxc7 39. Qg6 Bb2
40. h6 gxh6 41. Rxh6 Qc6 42. Qg8 Qd6 43. Rh7+ Kc6 44. Qe8+ Rd7 45. Qa8+ Kc7 46.
Qxa7+ Kc8 47. Qa8+ Kc7 48. Ba7 Qb4 49. Bb8+ Kb6 50. Ba7+ Kc7 51. Bb8+ Kb6 52.
Ba7+ Kc7 1/2-1/2

[Event "ÕÕÕII Nezhmetdinov Memorial"]
[Site "?"]
[Date "2010.06.01"]
[Round "2.35"]
[White "Baraeva, Marina"]
[Black "Belova, Olga"]
[Result "1-0"]
[WhiteElo "2102"]
[BlackElo "1930"]
[PlyCount "169"]
[EventDate "2010.06.01"]
[SourceDate "2010.06.02"]

1. b3 c5 2. Bb2 d6 3. f4 Nc6 4. Nf3 Nf6 5. Nc3 e6 6. e3 Be7 7. Be2 a6 8. a4 Bd7
9. O-O O-O 10. d3 Rb8 11. Qd2 Qc7 12. e4 Rfd8 13. Rae1 Nd4 14. Nd1 e5 15. Nf2
b5 16. axb5 axb5 17. Bc3 Ra8 18. Bd1 Ra2 19. Qc1 Rda8 20. Bb2 R8a7 21. g3 h6
22. Kg2 Rb7 23. c3 Nxf3 24. Bxf3 c4 25. fxe5 dxe5 26. dxc4 bxc4 27. b4 Ba4 28.
Re2 Bb3 29. Ba3 Rxe2 30. Bxe2 Qc6 31. Bf3 Nh7 32. Ng4 Qe6 33. h4 Ra7 34. Ne3
Qa6 35. Bb2 Qg6 36. Nf5 Bd8 37. Qd2 Qb6 38. Ra1 Bf6 39. Rxa7 Qxa7 40. Bc1 Nf8
41. Nd6 Ne6 42. Be2 Qa6 43. Qd5 Qa2 44. Qd2 Qa6 45. Bh5 g6 46. b5 Qb6 47. Be2
Bxh4 48. Nxc4 Bxc4 49. Bxc4 Bg5 50. Qd1 Bxc1 51. Qxc1 Qb7 52. Qb1 Ng5 53. Bd5
Qd7 54. Kf2 Qg4 55. Qd3 h5 56. b6 h4 57. b7 hxg3+ 58. Qxg3 Nh3+ 59. Qxh3 Qxh3
60. b8=Q+ Kh7 61. Qxe5 Qh4+ 62. Ke3 Qe1+ 63. Kd4 Qf2+ 64. Kc4 Qa2+ 65. Kd3 Qa5
66. Kd4 Qb6+ 67. Kc4 Qa6+ 68. Kc5 Qa5+ 69. Kc6 Qa6+ 70. Kd7 Qb5+ 71. Kd8 Qb6+
72. Qc7 Qf6+ 73. Kd7 g5 74. c4 g4 75. Qd8 Qg7 76. Qh4+ Kg8 77. c5 g3 78. c6 g2
79. c7 g1=Q 80. c8=Q+ Qf8 81. Qxf8+ Kxf8 82. Qh8+ Qg8 83. Qxg8+ Kxg8 84. Bxf7+
Kxf7 85. e5 1-0

[Event "ÕÕÕII Nezhmetdinov Memorial"]
[Site "?"]
[Date "2010.06.01"]
[Round "2.35"]
[White "Bibilashvili, Anna"]
[Black "Ivanov, Stepan"]
[Result "1-0"]
[WhiteElo "1920"]
[BlackElo "2099"]
[PlyCount "73"]
[EventDate "2010.06.01"]
[SourceDate "2010.06.02"]

1. e4 c5 2. Nf3 d6 3. d4 cxd4 4. Nxd4 Nf6 5. Nc3 a6 6. Bg5 e6 7. f4 Nbd7 8. Qf3
Qc7 9. O-O-O b5 10. Bd3 Bb7 11. g4 b4 12. Nce2 O-O-O 13. Kb1 Kb8 14. c3 e5 15.
Nf5 d5 16. Nfg3 Nc5 17. Bxf6 gxf6 18. cxb4 dxe4 19. Nxe4 Nxd3 20. Rxd3 Bxb4 21.
Rc1 Qe7 22. N2c3 Rd4 23. Qe2 Rhd8 24. Rcd1 Rxd3 25. Rxd3 Rd4 26. f5 Qd8 27. Kc2
Qb6 28. Rh3 Qc6 29. Nd2 Qg2 30. Qxg2 Bxg2 31. Rxh7 Rxg4 32. Rxf7 e4 33. Nd5 Bc5
34. Nxf6 e3 35. Nd7+ Kc8 36. Nxc5 e2 37. Nd3 1-0

[Event "ÕÕÕII Nezhmetdinov Memorial"]
[Site "?"]
[Date "2010.06.01"]
[Round "2.36"]
[White "Talov, Nikita"]
[Black "Volkov, Ilya"]
[Result "1-0"]
[WhiteElo "2087"]
[BlackElo "1919"]
[PlyCount "73"]
[EventDate "2010.06.01"]
[SourceDate "2010.06.02"]

1. e4 c6 2. d4 d5 3. Nc3 dxe4 4. Nxe4 Bf5 5. Ng3 Bg6 6. h4 h6 7. Nf3 Nd7 8. h5
Bh7 9. Bd3 Bxd3 10. Qxd3 Qc7 11. Bd2 e6 12. Ne4 Ngf6 13. O-O-O O-O-O 14. g3
Nxe4 15. Qxe4 Nf6 16. Qe2 Rd5 17. Ne5 Rxd4 18. Bf4 Re4 19. Qd3 Bc5 20. Ng6 Rxf4
21. Nxf4 Qa5 22. Kb1 Bxf2 23. Qf3 Bb6 24. Ne2 Qg5 25. Nd4 Re8 26. Rhf1 Bc7 27.
g4 e5 28. Qf5+ Qxf5 29. Nxf5 Nxg4 30. Nxg7 Re7 31. Nf5 Rd7 32. Rxd7 Kxd7 33.
Rg1 Nf6 34. Nxh6 Ke6 35. Rg7 Bb6 36. Rxf7 Be3 37. Rxf6+ 1-0

[Event "ÕÕÕII Nezhmetdinov Memorial"]
[Site "?"]
[Date "2010.06.01"]
[Round "2.37"]
[White "Khairullin, Adel"]
[Black "Fedotov, Ivan"]
[Result "1/2-1/2"]
[WhiteElo "1916"]
[BlackElo "2078"]
[PlyCount "79"]
[EventDate "2010.06.01"]
[SourceDate "2010.06.02"]

1. e4 c6 2. d4 g6 3. Bd3 Bg7 4. c3 d6 5. Nf3 Bg4 6. Nbd2 Nd7 7. h3 Bxf3 8. Nxf3
Qc7 9. O-O Ngf6 10. Re1 e5 11. a4 O-O 12. Bc4 exd4 13. Nxd4 Rfe8 14. f3 Rad8
15. Be3 d5 16. exd5 Nb6 17. Bb3 Nbxd5 18. Bg5 Qg3 19. Bxf6 Nxf6 20. Rxe8+ Rxe8
21. Qd2 Nh5 22. Qf2 Qf4 23. Re1 Be5 24. g4 Nf6 25. Nc2 h5 26. Re2 Kg7 27. Ne1
Rd8 28. Qe3 Qg3+ 29. Rg2 Qxh3 30. Qxe5 Re8 31. Qc7 Rxe1+ 32. Kf2 Re2+ 33. Kxe2
Qxg2+ 34. Ke3 Nd5+ 35. Bxd5 cxd5 36. Qe5+ Kh6 37. Qf4+ Kg7 38. Qe5+ Kh7 39.
gxh5 Qg1+ 40. Ke2 1/2-1/2

[Event "ÕÕÕII Nezhmetdinov Memorial"]
[Site "?"]
[Date "2010.06.01"]
[Round "2.38"]
[White "Shkuro, Alexandr"]
[Black "Galimzianova, Aliya"]
[Result "0-1"]
[WhiteElo "2071"]
[BlackElo "1908"]
[PlyCount "54"]
[EventDate "2010.06.01"]
[SourceDate "2010.06.02"]

1. d4 e6 2. Nf3 f5 3. c4 Nf6 4. e3 d5 5. b3 c6 6. Be2 Bd6 7. O-O Qe7 8. Bb2 O-O
9. Nbd2 b6 10. a4 a5 11. Ne5 Bb7 12. Ndf3 Nbd7 13. Nxd7 Nxd7 14. Ne5 c5 15.
Nxd7 Qxd7 16. Qd2 Rfd8 17. Rfd1 Rac8 18. Bf3 dxc4 19. dxc5 Bxf3 20. gxf3 Bxh2+
21. Kxh2 Qxd2 22. Rxd2 Rxd2 23. Bc3 Rxf2+ 24. Kg3 Rc2 25. Be1 cxb3 26. cxb6 b2
27. Rb1 Rc1 0-1

[Event "ÕÕÕII Nezhmetdinov Memorial"]
[Site "?"]
[Date "2010.06.01"]
[Round "2.39"]
[White "Zakharov, Kirill"]
[Black "Malin, Denis"]
[Result "0-1"]
[WhiteElo "1911"]
[BlackElo "2068"]
[PlyCount "80"]
[EventDate "2010.06.01"]
[SourceDate "2010.06.02"]

1. d4 d5 2. Nf3 c6 3. c4 e6 4. Nc3 f5 5. cxd5 exd5 6. Bf4 Nf6 7. Qc2 Be7 8. e3
O-O 9. Bd3 Ne4 10. O-O Nd7 11. a4 g5 12. Bg3 h5 13. Bxe4 fxe4 14. Ne5 h4 15.
Nxd7 Bxd7 16. Be5 Bf5 17. Qb3 Qd7 18. f3 exf3 19. Rxf3 Bg4 20. Rff1 h3 21. g3
Bf3 22. Qc2 Qf5 23. Qd2 Qg6 24. Rf2 Bg2 25. Qc2 Qxc2 26. Rxc2 Rf3 27. Rf2 Rxe3
28. Bf6 Rf8 29. Bxe7 Rxe7 30. Rxf8+ Kxf8 31. Kf2 Rf7+ 32. Ke2 Bf3+ 33. Ke3 Bg4
34. Re1 Rf3+ 35. Kd2 Rf2+ 36. Ne2 Rxh2 37. Rf1+ Kg7 38. Re1 Rxe2+ 39. Rxe2 Bxe2
40. Kxe2 h2 0-1

[Event "ÕÕÕII Nezhmetdinov Memorial"]
[Site "?"]
[Date "2010.06.01"]
[Round "2.40"]
[White "Dogodkina, Julia"]
[Black "Kurninov, Andrei"]
[Result "1-0"]
[WhiteElo "2066"]
[BlackElo "1776"]
[PlyCount "107"]
[EventDate "2010.06.01"]
[SourceDate "2010.06.02"]

1. e4 c5 2. Nf3 d6 3. d4 cxd4 4. Nxd4 Nf6 5. Nc3 g6 6. Bc4 Bg7 7. O-O O-O 8.
Bb3 Nc6 9. Nxc6 bxc6 10. Re1 Qa5 11. Na4 Ba6 12. Bd2 Qc7 13. c4 Nd7 14. Qc1 c5
15. Nc3 e6 16. Re3 Ne5 17. Ne2 Bh6 18. f4 Nc6 19. Rh3 Bg7 20. f5 Qe7 21. Bh6
Nd4 22. Nxd4 Bxd4+ 23. Kh1 Rfe8 24. Bg5 f6 25. Bd2 exf5 26. exf5 Bc8 27. Bc2
Qe5 28. Qf1 Qe2 29. Ba4 Re5 30. Bc6 Rb8 31. Bd5+ Kh8 32. Bf4 Qxf1+ 33. Rxf1
Rxd5 34. cxd5 Rxb2 35. Rb3 Rxb3 36. axb3 Bxf5 37. Bxd6 a5 38. Bc7 Bc3 39. d6
Bd7 40. Rf3 Be5 41. Bxa5 Kg7 42. Bb6 Kf7 43. Bxc5 Ke6 44. b4 f5 45. Rb3 Bb5 46.
Ra3 Bxd6 47. Bxd6 Kxd6 48. Ra7 h5 49. Kg1 Kd5 50. Rg7 Be8 51. Rg8 Bd7 52. Rxg6
Kc4 53. Rg5 Kxb4 54. Rxh5 1-0

[Event "ÕÕÕII Nezhmetdinov Memorial"]
[Site "?"]
[Date "2010.06.01"]
[Round "2.41"]
[White "Iskhakov, Artur"]
[Black "Beliaev, Vasily"]
[Result "0-1"]
[WhiteElo "1815"]
[BlackElo "2064"]
[PlyCount "48"]
[EventDate "2010.06.01"]
[SourceDate "2010.06.02"]

1. e4 e5 2. f4 d5 3. exd5 e4 4. Nc3 Nf6 5. d3 Bb4 6. dxe4 Nxe4 7. Nge2 Bg4 8.
Qd3 Qe7 9. Be3 Bf5 10. Qd4 O-O 11. Qc4 b5 12. Qxb5 Nxc3 13. bxc3 Bxc3+ 14. Kf2
Bxa1 15. Bc5 Qd7 16. Qb7 Re8 17. Qxa8 Na6 18. Qxa7 Qxd5 19. Be3 Nb4 20. Ng3
Nxc2 21. Nxf5 Qxf5 22. Bc5 Qxf4+ 23. Kg1 Nd4 24. h3 Nf3+ 0-1

[Event "ÕÕÕII Nezhmetdinov Memorial"]
[Site "?"]
[Date "2010.06.01"]
[Round "2.42"]
[White "Baraeva, Irina"]
[Black "Belskiy, Artem"]
[Result "1-0"]
[WhiteElo "2061"]
[BlackElo "1622"]
[PlyCount "45"]
[EventDate "2010.06.01"]
[SourceDate "2010.06.02"]

1. d4 Nf6 2. Nf3 d5 3. c4 e6 4. Nc3 c6 5. Bg5 Nbd7 6. e3 Qa5 7. cxd5 exd5 8.
Nd2 Bb4 9. Qc2 O-O 10. Bd3 Re8 11. O-O Ne4 12. Nb3 Qc7 13. Nxd5 Qd6 14. Ne7+
Rxe7 15. Bxe7 Qxe7 16. Bxe4 Nf6 17. Bf5 Bd6 18. Rae1 g6 19. Bxc8 Rxc8 20. e4
Bxh2+ 21. Kxh2 Ng4+ 22. Kg3 Qg5 23. f4 1-0